Esta noche, la libertad / (Record no. 89394)

MARC details
000 -LEADER
campo de control de longitud fija 00569nam a2200181 i 4500
001 - NÚMERO DE CONTROL
campo de control 89394
003 - IDENTIFICADOR DE NÚMERO DE CONTROL
campo de control ES-MaACL
007 - CAMPO FIJO DE DESCRIPCIÓN FÍSICA--INFORMACIÓN GENERAL
campo de control de longitud fija t|
008 - DATOS DE LONGITUD FIJA--INFORMACIÓN GENERAL
campo de control de longitud fija 050110s1975 sp ||||1| spa d
100 1# - ENTRADA PRINCIPAL--NOMBRE DE PERSONA
Nombre de persona Lapierre, Dominique.
9 (RLIN) 70157
245 10 - MENCIÓN DEL TÍTULO
Título Esta noche, la libertad /
Mención de responsabilidad, etc. Dominique Lapierre, Larry Collins ; [traducción de Adolfo Martín].
250 ## - MENCION DE EDICION
Mención de edición [1ª ed.].
260 ## - PUBLICACIÓN, DISTRIBUCIÓN, ETC.
Lugar de publicación, distribución, etc. [Barcelona] :
Nombre del editor, distribuidor, etc. Plaza & Janés,
Fecha de publicación, distribución, etc. [1975]
300 ## - DESCRIPCIÓN FÍSICA
Extensión 475 p., 16 lám. ;
Dimensiones 23 cm.
700 1# - ENTRADA AGREGADA--NOMBRE PERSONAL
Nombre de persona Collins, Larry.
9 (RLIN) 39735
700 1# - ENTRADA AGREGADA--NOMBRE PERSONAL
Nombre de persona Martín, Adolfo.
9 (RLIN) 77259
852 ## - LOCALIZACIÓN
Ubicación ES-MaACL
Número de control de estantería E-4972
Sublocalización o colección R.93386
Holdings
Estatus retirado Estado de pérdida Estado de daño No para préstamo Biblioteca de origen Biblioteca actual Ubicación en estantería Fecha de adquisición Fuente de adquisición Total de préstamos Signatura topográfica completa Código de barras Visto por última vez Precio de reemplazo Tipo de ítem Koha
        Biblioteca del Ateneo de Madrid Biblioteca del Ateneo de Madrid Depósito 2 17/01/2008     E-4972 1093363 23/02/2023 23/02/2023 Libro impreso